zpět

Detail výsledku týmu

U Lucerny ČT, Brno

Datum a čas kvízu

25 Celkem bodů Celkový počet nahraných bodů na tomto kvízu bez doplňovacích otázek.
7. Pořadí na kvízu Konečné umístění týmu na tomto kvízu.

Zaznamenané odpovědi

# Otázka Odpověď Body Výsledky
1. Praha v minulém týdnu hostila... skauti 1
2. Severokorejský vůdce Kim Čong-... vítězství nad epidemií covidu-19 0
3. Od čtvrtka do soboty se poblíž... Most 0
4. Senát Parlamentu České republi... zákaz jednorázových plastových výrobků 1
5. Fotbalová Sparta přivedla po s... Jakub Jankto 1
6. Následující otázky budou věnov... šarkan 1
7. Nyní se přesuneme do knižního... Lovec draků (The Kite Runner) 0
8. První dračí lodě se objevily p... 20 závodníků 1
9. Dračí hory je pohoří rozkládaj... Lesotho, Svazijsko 0.5
10. V srpnu letošního roku bude mí... Rod draka (House of the Dragon) 1